00399nam a2200133Ia 450000500170000000800410001702000150005808200130007310000130008624500620009926000370016130000190019850000480021720250613031124.0240331s9999 xx 000 0 und d a9555732906 bPERa306 aPerera,S 0aGanika wrthiya :bbhawaya prabhavaya ha agamika mehewara aNugegodabUniversity Pressc2005 a85 p ., ( C 2) aProstitution - Origin and Religious Mission